| 000 | 00872nas a2200277 i 4500 | ||
|---|---|---|---|
| 001 | 173622 | ||
| 003 | ES-MaACL | ||
| 005 | 20250814054353.0 | ||
| 008 | 091215d20062007sp f| p | ||pa d | ||
| 022 | _a1886-4813 | ||
| 080 | _a061.236.6 | ||
| 245 | 0 | 0 |
_aConde de Aranda _b: estudios a la luz de la Francmasonería / _cGran Logia Provincial de Castilla. |
| 260 |
_aMadrid : _bGran Logia de España, _c2006-2007. |
||
| 300 |
_a4 v. ; _c24 cm. |
||
| 310 | _aSemestral | ||
| 362 | 0 | _aNº1 (2006)-Nº 4 (2007) | |
| 594 | _aDirector: Ilia Galán. | ||
| 610 | 2 | 4 |
_aMasonería _95658 |
| 650 | 7 |
_aCultura _2embne _9170963 |
|
| 700 | 1 |
_aGalán, Ilia, _d1966- _9234259 |
|
| 710 | 2 |
_aGran Logia de España. _9141830 |
|
| 710 | 2 |
_aGran Logia Provincial de Castilla. _9141831 |
|
| 852 | 4 |
_aES-MaACL _jHEM-A-18 |
|
| 866 | 0 | _o2006-2007 | |
| 999 |
_c173622 _d173622 |
||